000 00603nam a22001457a 4500
020 _a978-93-52750-32-0
082 _a823
_bLON/C
100 _aLONDON, JACK
245 _aTHE CALL OF THE WILD
260 _aNEW YORK
_bSCHOLASTIC
_c31/10/2017
300 _a145
520 _aThe story opens at a ranch in Santa Clara Valley, California, when Buck is stolen from his home and sold into service as a sled dog in Alaska. He becomes progressively more primitive and wild in the harsh environment, where he is forced to fight to survive and dominate other dogs.
650 _aNOVEL
_zUNITED STATES
942 _cBK
999 _c3458
_d3458